000 00835cam a2200217 4500
001 WB3721-19
008 000000n2001 000 0 eng u
035 _a(Sirsi) u112877
245 _a£83m aid for Liverpool
260 _c2001
490 _aRegeneration and Renewal
_v25 May 2001, 2(1)
520 _aAn aid package is announced for key regeneration areas on Merseyside. The targeted programme, which could eventually reach £500m is intended to create up to 20,000 jobs in seven zones. £83m will come from European Objective 1 aid to be supplemented by private sector and government investment.
590 _aWB
650 _aREGENERATION GRANTS
650 _aEU AID
650 _aMERSEYSIDE
650 _aSTRATEGIC SPATIAL DEVELOPMENT AREAS
650 _aOBJECTIVE 1 FUNDING
690 _aREGENERATION
942 _n0
999 _c67194
_d67194